00413nam a22001337a 450000500170000000800410001704100130005808200130007110000130008424500390009726000870013630000300022365000260025320240829081350.0240829b |||||||| |||| 00| 0 eng d aEnglish  a349 LAW  lEnglish  aThe Laws of South Wes Africa 1923  aWindhoek: bBy Order of His Honour the Administrator of South West Africa, c1924  bxvi, 125 pages; c25 cm.  aLegal practice bLaw